UM Logo

International finance and open economy macroeconomics / (Record no. 8241)

MARC details
000 -LEADER
fixed length control field 00711nam a2200181 4500
008 - FIXED-LENGTH DATA ELEMENTS--GENERAL INFORMATION
fixed length control field 180105b xxu||||| |||| 00| 0 eng d
020 ## - INTERNATIONAL STANDARD BOOK NUMBER
International Standard Book Number 0024016209
082 ## - DEWEY DECIMAL CLASSIFICATION NUMBER
Edition number 1985
Classification number DC 322.042
Item number B32
100 ## - MAIN ENTRY--PERSONAL NAME
9 (RLIN) 25497
Personal name Rivera-Batiz, Francisco L., author.
245 ## - TITLE STATEMENT
Title International finance and open economy macroeconomics /
Statement of responsibility, etc. Francisco L. Rivera-Batiz, Luis Rivera-Batiz.
260 ## - PUBLICATION, DISTRIBUTION, ETC. (IMPRINT)
Place of publication, distribution, etc. New York : Macmillan ; London :
Name of publisher, distributor, etc. Collier Macmillan,
Date of publication, distribution, etc. ©1985.
300 ## - PHYSICAL DESCRIPTION
Extent xx, 581 pages :
Other physical details illustrations ;
Dimensions 24 cm.
500 ## - GENERAL NOTE
General note Includes bibliographical references and indexes.
650 #0 - SUBJECT ADDED ENTRY--TOPICAL TERM
9 (RLIN) 25498
Topical term or geographic name as entry element International finance
650 #0 - SUBJECT ADDED ENTRY--TOPICAL TERM
9 (RLIN) 25499
Topical term or geographic name as entry element Macroeconomics
700 ## - ADDED ENTRY--PERSONAL NAME
9 (RLIN) 25500
Personal name Rivera-Batiz, Luis, author.
942 ## - ADDED ENTRY ELEMENTS (KOHA)
Source of classification or shelving scheme Dewey Decimal Classification
Koha item type Circulation
Holdings
Withdrawn status Lost status Source of classification or shelving scheme Damaged status Not for loan Collection code Home library Current library Date acquired Source of acquisition Total Checkouts Full call number Barcode Date last seen Copy number Price effective from Koha item type
    Dewey Decimal Classification     Circulation UM Digos College - LIC UM Digos College - LIC 01/14/1995 Purchased   DC 322.042 B32 1985 11628 05/15/2025 1 01/05/2018 Circulation